00947nam a2200241 a 4500001001000000003000500010005001700015008004100032010001100073011001100084040000900095100002900104245015800133260004100291500006000332502008200392650003500474650004200509650004100551650002700592856001600619856007000635000114338CHAP20220329144436.0180112s2017 mx sm |||||||spa d a110799 a111771 cCHAP1 aAlejandro Rosa, Veronica10aMetodología de evaluación de inpacto ambiental para un proggrama de aprobechamiento forestal no maderableh[En línea]cpor Veronica Alejandro Rosa. aChapingo, Méx. :bEl autor,c2017. aPara ver el contenido del material haga clic en la liga aTesis (Ing. en Recursos Naturales Renobables) -- UACH. Departamento de Suelos14aImpacto ambientalxAnálisis.14aRecursos forestalesxAprovechamiento.14aRecursos forestalesxConservación.14aSuelosxDegradación. a1 n0000206 aFinding aiduhttp://10.13.5.2/tesis/sist114338.pdfzTeclea aquí